[Event "KAZ-ch 2018"]
[Site "Almaty"]
[Date "2018.04.25"]
[Round "6"]
[White "Kostenko, Petr"]
[Black "Ibrayev, Nurlan"]
[Result "1/2-1/2"]
[WhiteElo "2435"]
[BlackElo "2394"]
[Annotator "TA"]
[PlyCount "104"]
[EventDate "2018.??.??"]
[EventType "tourn"]
[EventCountry "KAZ"]
[SourceTitle "playchess.com"]
[Source "ChessBase"]
[SourceQuality "1"]

{[%evp 17,104,34,40,27,49,56,63,36,71,75,75,53,109,113,175,37,31,33,30,37,54,61,53,0,25,10,29,29,35,29,20,31,143,130,170,172,175,172,201,-148,416,-127,-122,-113,-139,-133,-130,-133,-137,-130,0,0,3,-125,-129,-112,-125,-101,-16,-92,0,0,312,300,277,265,294,0,10,11,764,754,750,749,742,735,711,0,0,0,0,0,0,0,0,0,0,0,0]} 1. e4 e5 2. Nf3 Nc6 3. Bc4 Nf6 {[%cal Bg8f6,Bf6h7,Bh7g5][%mdl 32]} 4. d3 Be7 5. O-O O-O 6. Nbd2 d6 {C55: Two Knights: 4 d3, 4 d4 exd4 5 e5 and Max Lange Attack} 7. a4 (7. c3 Na5 8. Bb5 a6 9. Ba4 c5 10. Re1 b5 11. Bc2 Nc6 12. Nf1 Re8 13. Ng3 Bf8 14. d4 exd4 15. cxd4 Bg4 16. Be3 g6 17. a4 Rc8 18. axb5 axb5 19. Bb3 c4 20. Bc2 Nh5 21. Nxh5 Bxh5 {0-1 (51) Onischuk,V (2637)-Wang,H (2709) Riadh 2017}) 7... h6 8. c3 Nh7 9. a5 a6 {LiveBook: 7 Games} 10. d4 {[%cal Bd3d4,Bd4d5][%mdl 32]} Ng5 11. d5 $146 ({Predecessor:} 11. h3 Kh8 12. Re1 f5 13. dxe5 Nxe5 14. Nxe5 dxe5 15. exf5 Bxf5 {½-½ (77) Pancevski,F (2407)-Vujic,M (2340) Paracin 2008}) 11... Nb8 {[%cal Bc6b8,Bb8d7,Bd7e5][%mdl 32]} 12. Bd3 g6 13. Ne1 Nd7 14. c4 f5 (14... Bf6 $14) 15. exf5 $16 gxf5 16. f4 (16. h4 $1 $18) 16... exf4 $14 17. Ndf3 Ne5 18. Bxf4 Ng6 19. Nd4 Bf6 $1 {[%cal Rf6d4]} 20. Nec2 (20. Be3 $14) 20... Nxf4 (20... Bxd4+ {feels hotter.} 21. Nxd4 Nxf4 22. Rxf4 Nh3+ 23. gxh3 Qg5+) 21. Rxf4 {Black must now prevent Qh5.} Be5 22. Rxf5 Bxf5 23. Nxf5 {[#]} Rxf5 $1 {[%mdl 512]} 24. Bxf5 Qf6 (24... Bxb2 $14 25. Rb1 Qf6) 25. Qd3 $1 $16 {Strongly threatening Rf1.} Rf8 26. Rf1 {Threatens to win with Be6+!} Kg7 27. b4 h5 28. Bc8 $2 (28. Qe2 $18) 28... Qxf1+ $17 29. Qxf1 Bxh2+ $1 30. Kxh2 Rxf1 31. Bxb7 {[%mdl 4096] Endgame KRN-KBN} Rc1 32. Nd4 Rxc4 33. Nc6 h4 ({Don't do} 33... Rh4+ 34. Kg3 $15) (33... Ne4 $17 34. Bxa6 Rc3) 34. Bxa6 $11 Rc2 35. Bd3 (35. Bf1 $1 $11 Nf3+ 36. Kh3) 35... Rf2 {aiming for ...h3.} 36. Kg1 h3 37. gxh3 (37. Kxf2 $2 {too greedy.} h2 $19) 37... Nxh3+ 38. Kh1 Kf6 ({Better is} 38... Ra2 $1 $17 {And now ...Nf2+ would win.} 39. Bc4 Rb2) 39. a6 {Hoping for a7.} Ra2 $2 {[%mdl 8192]} (39... Ng5 $11 {and Black has nothing to worry.} 40. Be4 Ra2) 40. Bc4 $18 Ra1+ 41. Kh2 $1 {[%cal Rh2h3]} Nf2 {[#] White should prevent ...Ng4+.} 42. Be2 $2 (42. a7 $1 $18 Ng4+ 43. Kg3 Rxa7 44. Nxa7) 42... Ra2 43. a7 {Na5 is the strong threat.} Ne4 $2 {[%mdl 8192]} (43... Nd3 $11 44. a8=Q Rxa8 45. Bxd3 Ra2+ 46. Kh1 Rd2) 44. Na5 Rxe2+ {[#]} 45. Kg1 $1 Kf5 46. a8=Q Kg4 47. Nc4 $2 (47. Qc8+ $18 Kg3 48. Kf1) 47... Re1+ $11 {The position is equal.} 48. Kg2 Re2+ 49. Kf1 Ng3+ 50. Kg1 Re1+ 51. Kf2 Re2+ 52. Kg1 Re1+ {Precision: White = 57%, Black = 44%.} 1/2-1/2

[Event "KAZ-ch 2018"]
[Site "Almaty"]
[Date "2018.04.25"]
[Round "6"]
[White "Makhnev, Denis"]
[Black "Ismagambetov, Anuar"]
[Result "1-0"]
[WhiteElo "2409"]
[BlackElo "2547"]
[Annotator "TA"]
[PlyCount "89"]
[EventDate "2018.??.??"]
[EventType "tourn"]
[EventCountry "KAZ"]
[SourceTitle "playchess.com"]
[Source "ChessBase"]
[SourceQuality "1"]

{[%evp 16,89,15,2,20,3,10,-15,0,-19,-4,-42,0,-19,-19,-20,41,35,28,43,94,81,83,68,68,66,74,79,70,81,70,71,71,81,60,73,79,71,75,51,52,45,52,15,12,0,0,0,0,-98,0,0,0,-18,0,0,0,0,0,0,0,0,0,16,794,635,12841,12841,12841,12842,12842,12843,12843,12842,12844,12844]} 1. d4 Nf6 2. Nf3 g6 3. Bf4 Bg7 4. e3 O-O 5. h3 d6 6. Be2 Nfd7 7. Nc3 {A48: 1 d4 Nf6 2 Nf3 g6: Torre, London and Colle Systems} (7. O-O e5 8. Bg3 Nc6 9. c4 h6 10. Nc3 f5 11. c5 exd4 12. exd4 dxc5 13. Bc4+ Kh7 14. dxc5 f4 15. Bh4 Nf6 16. Bxf6 Qxf6 17. Re1 Bf5 18. Qa4 Rad8 {½-½ (37) Le,Q (2737)-Amonatov,F (2636) Riadh 2017}) 7... Nc6 8. O-O e5 9. Bh2 {LiveBook: 13 Games. The position is equal.} Kh8 10. Bb5 f5 $146 ({Predecessor:} 10... Ncb8 11. dxe5 c6 12. Be2 Nxe5 13. Nxe5 dxe5 14. Qxd8 Rxd8 {1-0 (24) Macedo,M (2265)-Chang,S (2060) Recife 2009}) 11. Bxc6 bxc6 12. dxe5 dxe5 13. Qe2 Rb8 14. Rfd1 Qe7 15. Qc4 Rb6 (15... Nb6 $11 16. Qe2 (16. Qxc6 Bb7 $15) 16... Bb7) 16. Na4 $14 Rb4 17. Qxc6 e4 ({Black should play} 17... Nb6 $14 18. Qc5 Qxc5 19. Nxc5 Rc4) 18. Nd4 $16 Ne5 19. Qc5 Qxc5 20. Nxc5 {Hoping for Nce6.} Rxb2 21. Nde6 Bxe6 22. Nxe6 Re8 23. Nxg7 ({Much worse is} 23. Nxc7 Rc8 $11) 23... Kxg7 24. Rd5 Kf6 25. Rc5 c6 26. Rd1 Re6 27. a3 Nd7 28. Ra5 {Strongly threatening Bc7.} Rxc2 29. Rxa7 Nc5 30. Bg3 {aiming for Rd8.} Nd3 31. Rb1 g5 32. Bc7 (32. Rbb7 $11 {remains equal.}) 32... Rxf2 (32... Kg6 $17 33. Rbb7 Re7) 33. Rb8 $11 f4 34. Rf8+ Kg6 35. Bd8 {[#] Threatening mate with Rg8+.} h6 36. Rg8+ Kh5 37. exf4 gxf4 {White must now prevent ...e3.} 38. Rf7 {[%cal Rf7f5]} Re5 {[#] ...e3 is the strong threat.} 39. Rfg7 e3 $2 {[%mdl 8192]} (39... Rd5 $11 40. Rg4 Rxd8 41. Rxd8 Rc2) 40. Rg4 $18 {[%csl Gd8][%cal Rg4h4] White is clearly winning.} Rf1+ 41. Kh2 {[%csl Gd8][%cal Rg4h4]} Rg5 42. Bxg5 hxg5 43. R4xg5+ Kh6 44. R5g6+ Kh5 45. Rg4 {Precision: White = 57%, Black = 43%.} 1-0

[Event "KAZ-ch 2018"]
[Site "Almaty"]
[Date "2018.04.25"]
[Round "6"]
[White "Saiyn, Zhanat"]
[Black "Suleymenov, Alisher"]
[Result "0-1"]
[WhiteElo "2377"]
[BlackElo "2351"]
[Annotator "TA"]
[PlyCount "102"]
[EventDate "2018.??.??"]
[EventType "tourn"]
[EventCountry "KAZ"]
[SourceTitle "playchess.com"]
[Source "ChessBase"]
[SourceQuality "1"]

{[%evp 23,102,33,30,35,47,-14,-26,-41,-45,-37,-26,-104,-103,-105,-102,-106,-93,-112,-110,-139,-141,-136,-138,-150,-108,-335,-330,-327,-343,-307,-216,-225,-214,-191,-210,-454,-436,-435,-419,-434,-446,-458,-371,-363,-358,-359,-358,-363,-360,-380,0,-306,-276,-269,-243,-278,-262,-496,-350,-537,-521,-647,-550,-1163,-697,-692,-692,-689,-682,-675,-668,-668,-660,-1156,-958,-1205,-651,-865,-877,-1625,-1296]} 1. d4 Nf6 2. c4 c5 3. d5 g6 4. Nc3 Bg7 5. e4 O-O 6. Bd3 d6 7. Nf3 e6 8. O-O Na6 9. h3 Nc7 10. Bg5 h6 11. Be3 exd5 {E90: King's Indian: Classical: Early deviations and 6 h3} 12. cxd5 (12. exd5 b5 13. Qd2 bxc4 14. Bxc4 Kh7 15. Rfe1 Bb7 16. Rab1 Nd7 17. Na4 Nf6 18. Nc3 Nd7 19. Na4 Nf6 20. Nc3 Nd7 {½-½ (20) Ragger,M (2655)-Ivanisevic,I (2634) Kozloduy 2012}) 12... b5 {LiveBook: 7 Games} 13. a3 a5 {[#] White is slightly better.} 14. b3 $146 ({White should play} 14. Qd2 $14) ({Predecessor:} 14. Re1 Ba6 15. b4 Nd7 16. Rc1 Re8 17. Qd2 axb4 18. axb4 Kh7 19. Rb1 {1-0 (68) Horvath,J (2530)-Schneider,A (2375) Hungary 1999}) 14... Re8 $11 15. Qc2 Ba6 {And now ...b4 would win.} 16. Nd2 Nd7 17. Ra2 {[#]} (17. Rae1 $11 {remains equal.}) 17... Ne5 $1 $17 {[%cal Re5d3]} 18. b4 axb4 19. axb4 cxb4 20. Ne2 {[#]} b3 $1 {[%cal Rb3c2][%mdl 512]} 21. Nxb3 (21. Qxb3 Nxd3) 21... Nxd3 22. Qxd3 b4 23. Qb1 Nb5 {aiming for ...Na3.} 24. Rd1 $2 (24. Na5 $17 {was called for.} Nc3 25. Nxc3 Bxf1 26. Nc6) 24... Na3 $19 25. Qc1 Rc8 ({Weaker is} 25... Rxe4 26. Ned4 $17) 26. Qd2 Bc4 ({Not} 26... Rxe4 27. Ned4 $17) 27. Qxb4 Rb8 28. Qxa3 {Black must now prevent Ned4.} Bxb3 29. Rd4 $2 (29. Rad2 Bxd1 30. Rxd1) 29... Bxa2 30. Qxa2 Bxd4 31. Nxd4 Qh4 32. Qa6 Rxe4 33. Nf3 Qd8 34. Bxh6 Qb6 35. Qa3 Qb4 36. Qa7 Qb6 37. Qa3 $1 Re2 38. Be3 Qc7 39. Bd4 Re4 40. Bc3 $2 (40. Kh2) 40... Rc8 41. Bb2 (41. Bd2 $142) 41... Re2 {Black is clearly winning.} 42. Kh2 Qc5 43. Nd4 Qxa3 44. Bxa3 Rxf2 45. Bxd6 Rd2 46. Be5 Re8 47. Bf6 Re4 48. Nc6 Kf8 49. Ne5 Rxd5 50. Ng4 Re2 51. Bc3 f5 {Precision: White = 30%, Black = 83%.} 0-1

[Event "KAZ-ch 2018"]
[Site "Almaty"]
[Date "2018.04.25"]
[Round "6"]
[White "Agmanov, Zhandos"]
[Black "Kazakov, Konstantin"]
[Result "0-1"]
[WhiteElo "2360"]
[BlackElo "2410"]
[Annotator "TA"]
[PlyCount "80"]
[EventDate "2018.??.??"]
[EventType "tourn"]
[EventCountry "KAZ"]
[SourceTitle "playchess.com"]
[Source "ChessBase"]
[SourceQuality "1"]

{[%evp 26,80,-24,-22,-17,-25,3,-13,-13,-13,-14,-25,-45,-20,-16,-18,-25,-28,-7,-9,-9,-7,-8,-12,0,-2,0,0,0,0,0,-50,-39,-50,-19,-445,-442,-433,-427,-743,-753,-1384,-622,-1368,-1330,-4829,-4829,-4116,-1991,-5070,-4945,-4925,-4913,-5534,-5527,-5514,-5085]} 1. e4 e5 2. Nf3 Nc6 3. d4 exd4 4. Nxd4 Nf6 5. Nxc6 bxc6 6. e5 Qe7 7. Qe2 Nd5 8. c4 Nb6 9. Nc3 a5 10. Qe4 {C45: Scotch Game} (10. Bd2 Ba6 11. b3 Qe6 12. Qe4 O-O-O 13. Be2 Re8 14. O-O Qxe5 15. Qc2 Bd6 16. g3 Bb7 17. Bf3 Qf6 {½-½ (42) Van Foreest,J (2609)-Almasi,Z (2707) Heraklio 2017}) 10... g6 11. Bd3 Bg7 12. Bf4 O-O 13. O-O Ba6 14. Rac1 {LiveBook: 5 Games} Rfe8 15. Rfe1 a4 16. Qe2 {[#]} d6 $146 ({Predecessor:} 16... f6 17. exf6 Qxe2 18. Nxe2 Bxf6 19. Bxc7 Nd5 20. Bd6 Bxb2 {½-½ (20) Jones,G (2540)-Lalic,B (2538) Bunratty 2009}) 17. exd6 Qxe2 18. Nxe2 cxd6 19. b3 d5 20. Be3 Nd7 21. Nd4 Ne5 22. Bf1 dxc4 23. bxc4 Rad8 24. h3 f5 {[#] Strongly threatening ...f4!} 25. Red1 a3 26. c5 Bxf1 27. Kxf1 Rd5 28. Ne2 Nd3 $36 {[%mdl 2048] Black is more active.} 29. Rb1 Bb2 30. Bc1 $2 {[%mdl 8192]} (30. Nc1 $1 $11 {and White is okay.} Nb4 31. Rxd5 Nxd5 32. Bd2) 30... Nxc1 $19 {[%cal Rd5d1] [#] Black is clearly winning.} 31. Rxd5 Nxe2 ({Worse is} 31... cxd5 32. Nxc1 Kf7 33. Nd3 $11) 32. Rd6 (32. Rd2 $142 Nc3 33. Rdxb2 axb2 34. Rxb2) 32... Nc3 33. Re1 Rxe1+ 34. Kxe1 Nxa2 35. Rxc6 Nb4 36. Rc8+ Kf7 37. c6 Nxc6 38. Rc7+ Ke8 39. Rxc6 a2 40. Ra6 a1=Q+ {Precision: White = 40%, Black = 73%.} 0-1

[Event "KAZ-ch 2018"]
[Site "Almaty"]
[Date "2018.04.25"]
[Round "6"]
[White "Zhalmakhanov, Ramazan"]
[Black "Igambergenov, Alibek"]
[Result "1-0"]
[WhiteElo "2271"]
[BlackElo "2296"]
[Annotator "TA"]
[PlyCount "63"]
[EventDate "2018.??.??"]
[EventType "tourn"]
[EventCountry "KAZ"]
[SourceTitle "playchess.com"]
[Source "ChessBase"]
[SourceQuality "1"]

{[%evp 9,63,35,33,36,39,19,20,-14,0,-31,-13,-2,10,-29,-16,-18,-6,-20,0,0,4,0,13,4,13,16,19,11,20,22,25,21,63,18,104,67,116,100,188,183,247,254,258,258,296,287,268,283,285,281,447,450,438,435,446,439]} 1. Nc3 d5 2. e4 Nf6 3. exd5 Nxd5 4. Nf3 Bg4 5. d4 e6 6. h3 {B02: Alekhine's Defence: Chase Variation and lines with early Nc3} Bh5 {[%cal Bg4h5,Bh5g6,Bg6e4][%mdl 32]} 7. Ne4 (7. g4 Bg6 8. Ne5 Nd7 9. Nxg6 hxg6 10. Nxd5 exd5 11. Bg2 c6 12. Qd3 Bd6 {1-0 (54) Feller,S (2573)-Horvath,C (2497) Sibenik 2016}) 7... Nd7 $146 ({Predecessor:} 7... Be7 8. Ng3 Bg6 9. Bd3 c5 10. O-O Nc6 11. Bxg6 hxg6 12. c3 Qb6 {0-1 (47) Christensen,E (2033)-Yssing,K (2012) Copenhagen 2014}) 8. Be2 {The position is equal.} Bg6 9. Nfd2 Be7 10. O-O O-O 11. c3 e5 12. dxe5 Nxe5 13. Nf3 Bxe4 14. Nxe5 Qd6 15. Qd4 Nf6 16. Qxd6 Bxd6 17. Nc4 Bc5 18. Bf4 Nd5 19. Bg3 Rfe8 20. Rfe1 Rad8 21. Bf1 f5 (21... Rc8 $11) 22. Rad1 c6 {[#]} 23. Na5 $1 {[%cal Ra5b7]} Bb6 (23... Rd7 $16 {keeps fighting.}) 24. Nxb7 $18 {[%cal Ba5b7,Bb7d6,Bd6c4,Bc4e5,Be5d3][%mdl 32]} f4 {[#]} (24... Rd7 $142) 25. Bxf4 $1 {[%mdl 512]} Rd7 (25... Nxf4 26. Nxd8) 26. Nd6 Rf8 27. Bg3 ({Don't take} 27. Rxe4 $6 Rxf4 28. Re8+ Rf8 $18) 27... Bc2 28. Rd2 Bg6 29. Nc4 Bc5 (29... Re8 $142) 30. Ne5 {White is clearly winning.} Re7 31. Red1 Be8 32. Nd3 {Precision: White = 71%, Black = 28%.} 1-0

[Event "KAZ-ch 2018"]
[Site "Almaty"]
[Date "2018.04.26"]
[Round "7"]
[White "Ismagambetov, Anuar"]
[Black "Saiyn, Zhanat"]
[Result "1-0"]
[WhiteElo "2547"]
[BlackElo "2377"]
[Annotator "TA"]
[PlyCount "85"]
[EventDate "2018.??.??"]
[EventType "tourn"]
[EventCountry "KAZ"]
[SourceTitle "playchess.com"]
[Source "ChessBase"]
[SourceQuality "1"]

{[%evp 11,85,25,27,21,39,23,24,33,49,0,8,-25,77,68,72,0,116,65,91,64,65,53,66,26,37,0,0,0,0,0,0,0,0,0,-4,-5,-8,-8,-8,-8,16,15,229,241,239,234,227,206,252,147,284,283,254,257,752,679,909,438,412,378,5102,606,29979,29980,29980,29981,29981,29981,29981,29982,29986,29987,29991,29980,29992,29993]} 1. e4 Nc6 2. d4 d5 3. e5 Bf5 4. c3 e6 5. Bb5 (5. Nd2 a6 6. f4 f6 7. Nh3 Qd7 8. Nf2 O-O-O 9. Bd3 Nh6 10. O-O Na5 11. Be2 Qc6 12. Qe1 Be7 {½-½ (20) Anand,V (2783)-Rapport,R (2686) Germany 2018}) 5... Nge7 6. Nf3 {B00: Queen's Fianchetto Defence, Nimzowitsch Defence} f6 {LiveBook: 3 Games} 7. O-O a6 8. Ba4 $1 {White is slightly better.} Ng6 9. exf6 gxf6 10. Re1 (10. Bxc6+ $5 bxc6 11. Re1 $11) 10... Qd7 11. b4 $146 ({Predecessor:} 11. Nbd2 O-O-O 12. Nf1 Bd6 13. Bh6 Bf8 14. Bxf8 Rhxf8 {0-1 (49) Pedersen,S (2132)-Vaillant,F (2168) ICCF email 2015}) 11... Bg7 (11... Bd6 $11) 12. Nbd2 $16 b5 13. Bb3 (13. Bc2 $16 Bxc2 14. Qxc2) 13... e5 (13... a5 $11 {keeps the balance.}) 14. a4 (14. Nf1 $1 $16) 14... O-O 15. axb5 (15. Ne4 {feels hotter.} Bxe4 16. Rxe4 Nce7 17. Re2 c6 18. Ne1) 15... axb5 16. Rxa8 $1 Rxa8 17. dxe5 fxe5 18. Ne4 (18. Nf1 {with more complications.} Nce7 19. h3 c6 20. Ng3 Rf8 21. Bd2) 18... Bxe4 19. Rxe4 Nce7 $1 20. Bg5 Kh8 21. Re1 c6 22. h4 $36 {[%mdl 2048] White is more active.} h6 23. h5 $1 {[%cal Rh5g6]} hxg5 24. hxg6 Nxg6 {White must now prevent ...Qg4.} 25. Bc2 e4 26. Nxg5 {And now Qh5+ would win.} Qf5 $2 {[#]} (26... Ne5 $1 $11) 27. Rxe4 $1 $18 {[%mdl 512]} Qxg5 ({Not} 27... dxe4 $2 28. Qh5+ Kg8 29. Bb3+ Kf8 30. Nh7+ Ke7 31. Qxf5 $18) 28. Rg4 Qe5 {...Nf8 is the strong threat.} 29. Rxg6 Qxc3 {intending ...Ra1.} 30. Rg3 (30. Qh5+ $18 Kg8 31. Qg4) 30... Qe5 (30... Qa1 $16 {is a better defense.}) 31. Re3 Qg5 32. Bb1 Be5 $2 (32... Kg8 33. Re6 Qf4) 33. Qc2 {[%csl Gb1][%cal Rc2h7]} ({Less strong is} 33. Rh3+ Kg8 $18) 33... Ra7 34. Qxc6 (34. Rh3+ $142 Kg8 35. Qxc6) 34... Kg7 {[#]} 35. Rh3 $1 {[%cal Rh3h7]} Re7 $2 (35... Qf5 36. Bd3 (36. Bxf5 $2 {is a self mate.} Ra1+ 37. Bb1 Rxb1+ 38. Qc1 Rxc1#) 36... Ra1+ 37. Bf1 Rxf1+ 38. Kxf1 Qb1+ 39. Ke2 Qb2+ 40. Kf3 Qa3+ 41. Kg4 Qxb4+ 42. Kh5 Qd6 43. Qxd6 Bxd6) 36. Qc8 (36. Rh7+ $142 Kf8 37. Bg6 Bh2+ 38. Kf1) 36... Kf6 37. Rf3+ {White mates.} Bf4 38. g3 Re1+ 39. Kg2 Rxb1 40. Rxf4+ Ke7 41. Rf8 Kd6 42. Rd8+ Ke5 43. f4+ {Precision: White = 65%, Black = 43%.} 1-0

[Event "KAZ-ch 2018"]
[Site "Almaty"]
[Date "2018.04.26"]
[Round "7"]
[White "Kazakov, Konstantin"]
[Black "Zhalmakhanov, Ramazan"]
[Result "1/2-1/2"]
[WhiteElo "2410"]
[BlackElo "2271"]
[Annotator "TA"]
[PlyCount "49"]
[EventDate "2018.??.??"]
[EventType "tourn"]
[EventCountry "KAZ"]
[SourceTitle "playchess.com"]
[Source "ChessBase"]
[SourceQuality "1"]

{[%evp 20,49,31,20,32,26,45,36,36,36,36,35,44,40,61,18,30,32,20,23,25,-9,-6,-16,-27,-31,-23,-33,-38,-23,-27,-32]} 1. e4 e5 2. Nf3 Nc6 3. Bb5 a6 4. Ba4 Nf6 5. d3 b5 6. Bb3 Be7 7. O-O d6 8. c3 O-O 9. a4 {C84: Closed Ruy Lopez: Unusual White 6th moves} Rb8 10. axb5 axb5 11. h3 {LiveBook: 3 Games. White is slightly better.} b4 $146 ({Predecessor:} 11... Be6 12. Bxe6 fxe6 13. Nbd2 Qd7 14. d4 Ra8 15. Rxa8 Rxa8 16. dxe5 Nxe5 17. Nxe5 dxe5 {1-0 (70) Naiditsch,A (2704)-Murdzia,P (2471) Germany 2013}) 12. Nbd2 Nd7 13. Bd5 Bb7 14. Nc4 Nf6 15. Ne3 bxc3 16. bxc3 Ra8 17. Rb1 (17. Ba2 {is more complex.} Nd7 18. Qc2 Nc5 19. Rd1 Na5 20. Ba3) 17... Nxd5 18. exd5 Na5 19. c4 {[#] And now Bd2 would win.} Bc8 20. Bd2 {Threatens to win with Ra1.} Nb7 21. Bb4 f5 22. Re1 Bf6 23. Nf1 Re8 24. Ng3 g6 25. Qd2 {Precision: White = 48%, Black = 90%.} 1/2-1/2

[Event "KAZ-ch 2018"]
[Site "Almaty"]
[Date "2018.04.26"]
[Round "7"]
[White "Ibrayev, Nurlan"]
[Black "Agmanov, Zhandos"]
[Result "0-1"]
[WhiteElo "2394"]
[BlackElo "2360"]
[Annotator "TA"]
[PlyCount "112"]
[EventDate "2018.??.??"]
[EventType "tourn"]
[EventCountry "KAZ"]
[SourceTitle "playchess.com"]
[Source "ChessBase"]
[SourceQuality "1"]

{[%evp 18,112,19,14,29,29,25,25,53,57,58,13,16,15,12,0,23,15,12,21,14,18,16,8,10,0,0,-10,-15,-63,-70,-204,-16,-15,-25,-72,-75,-94,-94,-94,-99,-92,-72,-74,-73,-70,-76,-91,-75,-131,-131,-219,-219,-219,-211,-211,-212,-233,-216,-229,-254,-497,-314,-544,-544,-457,-314,-560,-560,-641,-641,-1785,-2058,-1155,-711,-29985,-29982,-29994,-29983,-29983,-29984,-29984,-29985,-29985,-29986,-29987,-29974,-29973,-29974,-29979,-29980,-29979,-29980,-29980,-29981,-29981,-29981]} 1. Nf3 Nf6 2. c4 e6 3. Nc3 d5 4. d4 c5 5. cxd5 cxd4 6. Qxd4 exd5 7. Bg5 Be7 8. e3 O-O {D50: Queen's Gambit Declined: Dutch-Peruvian Gambit} 9. Be2 Nc6 (9... h6 10. Bh4 Nc6 11. Qd3 Qb6 12. O-O Rd8 13. Rfd1 Bg4 14. Qb5 Qxb5 15. Nxb5 Rac8 16. h3 {½-½ (42) Bluebaum,M (2646)-So,W (2810) Tbilisi 2017}) 10. Qd3 {LiveBook: 7 Games} Nb4 {The position is equal.} 11. Qd1 h6 12. Bh4 Bf5 {[#] ...Nc2+ is the strong threat.} 13. Nd4 Bh7 14. O-O Ne4 15. Bxe7 Qxe7 16. Qa4 $146 ({Predecessor:} 16. a3 Nxc3 17. bxc3 {½-½ (44) Delavari,A (2222)-Mousavi,S (2422) Hamedan 2016}) 16... Rfc8 17. Rac1 Nxc3 $1 18. Rxc3 Rxc3 19. bxc3 Nd3 20. Qb5 Nc5 21. Rc1 Rc8 22. c4 Bd3 23. Bxd3 Nxd3 24. Rc3 {[#]} (24. Rb1 $15 dxc4 25. Qxb7 Qxb7 26. Rxb7) 24... Qb4 $2 (24... Rc5 $1 $19 {[%cal Rc5b5]} 25. Qb3 Qc7) 25. Qxb4 $11 Nxb4 {[%mdl 4096] Endgame KRN-KRN} 26. Rb3 Rxc4 {[%cal Rc4c1]} 27. g3 b6 28. Ra3 a5 {[%cal Ba7a5,Ba5a4,Ba4a3,Ba3a2][%mdl 32]} 29. Rb3 Nxa2 {aiming for ...Nb4.} 30. Rxb6 a4 31. Rb8+ Kh7 32. Ra8 Nc3 33. Ra5 ({White should try} 33. g4) 33... Rb4 $17 34. Rc5 (34. h4 $17) 34... a3 $19 35. Rxc3 {KRN-KR} Rb1+ 36. Kg2 a2 37. Nc2 {Strongly threatening Ra3.} Rc1 38. Ra3 Rxc2 {KR-KR} 39. Kf3 $2 (39. g4 {is a better defense.}) 39... h5 {[%cal Bh6h5,Bh5h4][%mdl 32]} 40. h3 $2 (40. Ra6) 40... f6 41. Ra8 Rb2 42. g4 $2 (42. h4) 42... h4 43. g5 fxg5 44. Kg4 Rxf2 45. Kxg5 Rg2+ 46. Kxh4 Kh6 {[%csl Gg2,Gh6][%cal Rg7g5] Black mates.} 47. Rh8+ Kg6 48. Ra8 Kh7 49. Ra6 g6 {[%cal Bg7g6,Bg6g5][%mdl 32]} 50. Ra8 Kg7 51. e4 g5+ 52. Kh5 dxe4 {[%cal Bd5e4,Be4e3,Be3e2][%mdl 32]} 53. h4 gxh4 54. Kxh4 e3 55. Kh3 Rb2 56. Kg3 e2 {Precision: White = 31%, Black = 72%.} 0-1

[Event "KAZ-ch 2018"]
[Site "Almaty"]
[Date "2018.04.26"]
[Round "7"]
[White "Suleymenov, Alisher"]
[Black "Kazhgaleyev, Murtas"]
[Result "1/2-1/2"]
[WhiteElo "2351"]
[BlackElo "2577"]
[Annotator "TA"]
[PlyCount "30"]
[EventDate "2018.??.??"]
[EventType "tourn"]
[EventCountry "KAZ"]
[SourceTitle "playchess.com"]
[Source "ChessBase"]
[SourceQuality "1"]

{[%evp 19,30,25,25,34,35,13,16,15,12,12,9,9,12]} 1. d4 d5 2. c4 c6 3. Nf3 Nf6 4. Nc3 a6 5. e3 Bf5 6. Ne5 {D15: Slav Defence: 4 Nc3 a6 and gambit lines after 4 Nc3 dxc4} Nbd7 7. Qb3 Qc7 8. cxd5 Nxe5 9. dxe5 Nxd5 10. Nxd5 cxd5 {LiveBook: 42 Games} 11. Bd2 Qxe5 12. Bc3 Qc7 {The position is equal.} 13. Qxd5 e6 {[#]} 14. Qc4 $146 Qxc4 15. Bxc4 Rc8 1/2-1/2